La fi del fil / (Registro nro. 36956)

Detalles MARC
000 -LEADER
campo de control de longitud fija 00491nam a2200181 i 4500
001 - NÚMERO DE CONTROL
campo de control 36956
003 - IDENTIFICADOR DE NÚMERO DE CONTROL
campo de control ES-MaACL
005 - FECHA Y HORA DE LA ÚLTIMA TRANSACCIÓN
campo de control 20230906155457.0
007 - CAMPO FIJO DE DESCRIPCIÓN FÍSICA--INFORMACIÓN GENERAL
campo de control de longitud fija t|
008 - DATOS DE LONGITUD FIJA--INFORMACIÓN GENERAL
campo de control de longitud fija 030219s1973 sp ||||1| cat d
100 1# - ENTRADA PRINCIPAL--NOMBRE DE PERSONA
Nombre de persona Bru de Sala, Javier.
9 (RLIN) 32046
245 13 - MENCIÓN DEL TÍTULO
Título La fi del fil /
Mención de responsabilidad, etc. Xavier Bru de Sala.
250 ## - MENCION DE EDICION
Mención de edición 1ª ed.
260 ## - PUBLICACIÓN, DISTRIBUCIÓN, ETC.
Lugar de publicación, distribución, etc. [Barcelona] :
Nombre del editor, distribuidor, etc. Proa,
Fecha de publicación, distribución, etc. 1973.
300 ## - DESCRIPCIÓN FÍSICA
Extensión 55 p. :
Otras características físicas retr. aut. ;
Dimensiones 18 cm.
500 ## - NOTA GENERAL
Nota general Premi Carles Riba 1972.
852 ## - LOCALIZACIÓN
Ubicación ES-MaACL
Número de control de estantería C-52595
Sublocalización o colección R.85901
Existencias
Estatus retirado Estado de pérdida Estado de daño No para préstamo Biblioteca de origen Biblioteca actual Ubicación en estantería Fecha de adquisición Fuente de adquisición Total de préstamos Signatura topográfica completa Código de barras Visto por última vez Precio de reemplazo Tipo de ítem Koha
        Biblioteca del Ateneo de Madrid Biblioteca del Ateneo de Madrid Depósito 2 17/01/2008     C-52595 1038875 23/02/2023 23/02/2023 Libro impreso